| 000 | 00732nam a22002057a 4500 | ||
|---|---|---|---|
| 999 |
_c7473 _d7473 |
||
| 003 | AR-CdUCM | ||
| 008 | 190320b ||||| |||| 00| 0 spa d | ||
| 040 |
_aMUNICIPALIDAD PROVINCIAL DEL CUSCO _cBIBLIOTECA MUNICIPAL DEL CUSCO |
||
| 082 |
_23ed. _a690 / _bV63 |
||
| 100 |
_aVisiers, C. _921075 |
||
| 245 | _aCálculo de las construcciones / | ||
| 260 |
_aBarcelona : _bCasanova, _c1966. |
||
| 300 |
_a260 paginas ; _bDiagramas, _c21 cm. |
||
| 440 |
_aBiblioteca practica de construcción _921076 |
||
| 505 | _aContenido :Pies derechos --Columnas --Vigas de Alma Calada --Armaduras --Cimbras --Muros --Cimiento y Bóvedas / | ||
| 650 |
_aConstrucción _94996 |
||
| 650 |
_aCálculos. _921077 |
||
| 942 |
_2ddc _cLIBROS |
||
| 945 | _arjall | ||